[Event "DEM U12 2017"]
[Site "Willingen GER"]
[Date "2017.06.09"]
[Round "9"]
[White "Wang, Xinyuan"]
[Black "Kosev, Momchil"]
[Result "0-1"]
[Termination "normal"]
[Board "10"]
[WhiteElo "1673"]
[BlackElo "1757"]
[WhiteClock "00:09:31"]
[BlackClock "00:11:39"]
[PlyCount "114"]
[WhiteFideId "16221494"]
[BlackFideId "12975982"]
[EventCountry "GER"]
[EventRounds "11"]
[EventType "swiss"]
[EventDate "2017.06.03"]

1. d4 {[%clk 1:15:54]} 1... Nf6 {[%clk 1:15:55]} 2. c4 {[%clk 1:16:12]} 2... e6
{[%clk 1:16:18]} 3. Nc3 {[%clk 1:16:29]} 3... Bb4 {[%clk 1:16:22]} 4. Qc2 {
[%clk 1:16:41]} 4... O-O {[%clk 1:16:18]} 5. a3 {[%clk 1:16:37]} 5... Bxc3+ {
[%clk 1:14:44]} 6. Qxc3 {[%clk 1:16:58]} 6... Ne4 {[%clk 1:11:45]} 7. Qc2 {
[%clk 1:16:39]} 7... f5 {[%clk 1:12:06]} 8. g3 {[%clk 1:16:50]} 8... b6 { [%clk
1:08:35]} 9. Bg2 {[%clk 1:16:50]} 9... Bb7 {[%clk 1:08:34]} 10. Nf3 { [%clk
1:17:01]} 10... Nc6 {[%clk 1:02:24]} 11. b4 {[%clk 1:12:02]} 11... Rb8 { [%clk
0:57:38]} 12. Bb2 {[%clk 1:10:54]} 12... Ne7 {[%clk 0:52:56]} 13. O-O { [%clk
1:08:00]} 13... d6 {[%clk 0:50:44]} 14. Rfd1 {[%clk 1:04:40]} 14... Qe8 { [%clk
0:49:44]} 15. Ne1 {[%clk 0:58:53]} 15... Qh5 {[%clk 0:43:43]} 16. Nd3 { [%clk
0:55:28]} 16... g5 {[%clk 0:40:47]} 17. Bf3 {[%clk 0:49:37]} 17... g4 { [%clk
0:31:39]} 18. Nf4 {[%clk 0:48:52]} 18... Qh6 {[%clk 0:31:54]} 19. Bg2 { [%clk
0:49:00]} 19... Ng5 {[%clk 0:32:07]} 20. d5 {[%clk 0:47:51]} 20... e5 { [%clk
0:32:25]} 21. Nd3 {[%clk 0:44:58]} 21... Qh5 {[%clk 0:28:57]} 22. Bc1 { [%clk
0:42:28]} 22... Rf6 {[%clk 0:28:15]} 23. Qd2 {[%clk 0:37:02]} 23... Nh3+ {[%clk
0:24:50]} 24. Bxh3 {[%clk 0:37:14]} 24... Qxh3 {[%clk 0:25:04]} 25. Qg5+ {[%clk
0:36:15]} 25... Kf7 {[%clk 0:25:24]} 26. Qh4 {[%clk 0:32:16]} 26... Qxh4 {[%clk
0:23:10]} 27. gxh4 {[%clk 0:32:44]} 27... h6 {[%clk 0:21:01]} 28. h5 { [%clk
0:28:59]} 28... b5 {[%clk 0:18:31]} 29. Bb2 {[%clk 0:21:36]} 29... bxc4 { [%clk
0:16:39]} 30. Nxe5+ {[%clk 0:21:55]} 30... dxe5 {[%clk 0:17:01]} 31. Bxe5
{[%clk 0:22:19]} 31... Bxd5 {[%clk 0:15:50]} 32. Bxf6 {[%clk 0:22:02]} 32...
Kxf6 {[%clk 0:16:14]} 33. Rac1 {[%clk 0:21:22]} 33... Kg5 {[%clk 0:15:40]} 34.
f3 {[%clk 0:19:09]} 34... Kxh5 {[%clk 0:13:56]} 35. e4 {[%clk 0:18:08]} 35...
fxe4 {[%clk 0:13:19]} 36. fxe4 {[%clk 0:18:21]} 36... Be6 {[%clk 0:13:42]} 37.
Rf1 {[%clk 0:17:31]} 37... Kg5 {[%clk 0:13:33]} 38. e5 {[%clk 0:17:14]} 38...
Nf5 {[%clk 0:13:54]} 39. Kf2 {[%clk 0:11:54]} 39... h5 {[%clk 0:13:05]} 40.
Rfe1 {[%clk 0:09:10]} 40... Kf4 {[%clk 0:12:22]} 41. Rc3 {[%clk 0:08:51]} 41...
Rb5 {[%clk 0:09:51]} 42. h3 {[%clk 0:06:10]} 42... Rxe5 {[%clk 0:09:50]} 43.
Rxe5 {[%clk 0:06:31]} 43... Kxe5 {[%clk 0:10:13]} 44. hxg4 {[%clk 0:06:35]}
44... hxg4 {[%clk 0:10:39]} 45. a4 {[%clk 0:06:44]} 45... Kf4 {[%clk 0:09:56]}
46. b5 {[%clk 0:06:16]} 46... g3+ {[%clk 0:10:10]} 47. Kg1 {[%clk 0:06:27]}
47... Nd4 {[%clk 0:09:49]} 48. Ra3 {[%clk 0:06:47]} 48... c3 {[%clk 0:10:05]}
49. b6 {[%clk 0:06:42]} 49... cxb6 {[%clk 0:10:03]} 50. a5 {[%clk 0:07:08]}
50... b5 {[%clk 0:09:42]} 51. a6 {[%clk 0:07:29]} 51... c2 {[%clk 0:09:59]} 52.
Rc3 {[%clk 0:07:53]} 52... Ne2+ {[%clk 0:10:25]} 53. Kf1 {[%clk 0:08:08]} 53...
Nxc3 {[%clk 0:10:50]} 54. Kg2 {[%clk 0:08:33]} 54... Bd5+ {[%clk 0:11:09]} 55.
Kh3 {[%clk 0:08:50]} 55... g2 {[%clk 0:11:22]} 56. Kh2 {[%clk 0:09:06]} 56...
c1=Q {[%clk 0:11:39]} 57. Kh3 {[%clk 0:09:31]} 57... Qh1# 0-1

[Event "DEM U12 2017"]
[Site "Willingen GER"]
[Date "2017.06.09"]
[Round "9"]
[White "Schauties, Nico Antonio"]
[Black "Rössel, Gino"]
[Result "1/2-1/2"]
[Termination "normal"]
[Board "11"]
[WhiteElo "1711"]
[BlackElo "1714"]
[WhiteClock "00:54:23"]
[BlackClock "00:01:09"]
[PlyCount "81"]
[WhiteFideId "16206371"]
[BlackFideId "16203070"]
[EventCountry "GER"]
[EventRounds "11"]
[EventType "swiss"]
[EventDate "2017.06.03"]

1. g3 {[%clk 1:15:57]} 1... d5 {[%clk 1:15:40]} 2. Bg2 {[%clk 1:16:20]} 2...
Nf6 {[%clk 1:15:07]} 3. Nf3 {[%clk 1:16:41]} 3... e6 {[%clk 1:14:01]} 4. O-O {
[%clk 1:16:57]} 4... Be7 {[%clk 1:13:01]} 5. c4 {[%clk 1:17:20]} 5... O-O {
[%clk 1:12:17]} 6. d3 {[%clk 1:17:43]} 6... b6 {[%clk 1:09:16]} 7. b3 { [%clk
1:17:56]} 7... Bb7 {[%clk 1:07:53]} 8. Bb2 {[%clk 1:18:05]} 8... c5 { [%clk
1:07:04]} 9. Nbd2 {[%clk 1:18:18]} 9... Nc6 {[%clk 1:05:11]} 10. e4 { [%clk
1:18:16]} 10... dxe4 {[%clk 1:03:07]} 11. dxe4 {[%clk 1:18:34]} 11... Nd7
{[%clk 0:51:53]} 12. Qe2 {[%clk 1:18:49]} 12... f5 {[%clk 0:47:37]} 13. Rad1 {
[%clk 1:15:51]} 13... Rf7 {[%clk 0:41:44]} 14. exf5 {[%clk 1:15:59]} 14... exf5
{[%clk 0:41:40]} 15. Ne5 {[%clk 1:16:03]} 15... Ndxe5 {[%clk 0:39:27]} 16. Bxe5
{[%clk 1:16:05]} 16... Na5 {[%clk 0:36:46]} 17. Nf3 {[%clk 1:14:50]} 17... Qc8
{[%clk 0:34:33]} 18. Rd2 {[%clk 1:11:52]} 18... Nc6 {[%clk 0:31:51]} 19. Rfd1 {
[%clk 1:10:43]} 19... Qe8 {[%clk 0:24:52]} 20. Bc3 {[%clk 1:10:52]} 20... Rd8 {
[%clk 0:23:56]} 21. Ne5 {[%clk 1:09:40]} 21... Nxe5 {[%clk 0:18:42]} 22. Bxb7 {
[%clk 1:09:50]} 22... Rxd2 {[%clk 0:18:33]} 23. Rxd2 {[%clk 1:08:37]} 23... Bg5
{[%clk 0:16:57]} 24. f4 {[%clk 1:08:51]} 24... Rxb7 {[%clk 0:17:08]} 25. Qxe5 {
[%clk 1:06:44]} 25... Qxe5 {[%clk 0:14:58]} 26. Bxe5 {[%clk 1:05:46]} 26... Be7
{[%clk 0:15:02]} 27. Kf2 {[%clk 1:05:23]} 27... Kf7 {[%clk 0:14:49]} 28. Rd5 {
[%clk 1:02:02]} 28... g6 {[%clk 0:14:11]} 29. Kf3 {[%clk 1:01:38]} 29... Bf6 {
[%clk 0:10:08]} 30. g4 {[%clk 1:00:34]} 30... Bxe5 {[%clk 0:10:21]} 31. fxe5 {
[%clk 0:59:53]} 31... fxg4+ {[%clk 0:10:09]} 32. Kxg4 {[%clk 1:00:04]} 32...
Ke6 {[%clk 0:09:53]} 33. Kg5 {[%clk 0:59:38]} 33... Rf7 {[%clk 0:09:07]} 34.
Kh6 {[%clk 0:59:18]} 34... Kf5 {[%clk 0:06:47]} 35. a3 {[%clk 0:55:41]} 35...
Rc7 {[%clk 0:04:37]} 36. Rd8 {[%clk 0:52:58]} 36... Kxe5 {[%clk 0:01:38]} 37.
Rh8 {[%clk 0:53:14]} 37... Kf5 {[%clk 0:01:03]} 38. Rxh7 {[%clk 0:53:24]} 38...
Rxh7+ {[%clk 0:01:23]} 39. Kxh7 {[%clk 0:53:46]} 39... g5 {[%clk 0:00:58]} 40.
Kh6 {[%clk 0:54:07]} 40... Kf6 {[%clk 0:01:09]} 41. Kh5 {[%clk 0:54:23]}
1/2-1/2

[Event "DEM U12 2017"]
[Site "Willingen GER"]
[Date "2017.06.09"]
[Round "9"]
[White "Müller, Magnus"]
[Black "Farokhi, Keyvan"]
[Result "1/2-1/2"]
[Termination "normal"]
[Board "12"]
[WhiteElo "1599"]
[BlackElo "1735"]
[WhiteClock "00:18:47"]
[BlackClock "00:14:37"]
[PlyCount "72"]
[WhiteFideId "16230060"]
[BlackFideId "12998630"]
[EventCountry "GER"]
[EventRounds "11"]
[EventType "swiss"]
[EventDate "2017.06.03"]

1. e4 {[%clk 1:15:58]} 1... c5 {[%clk 1:15:48]} 2. Nf3 {[%clk 1:16:20]} 2...
Nc6 {[%clk 1:15:48]} 3. d4 {[%clk 1:16:37]} 3... cxd4 {[%clk 1:15:42]} 4. Nxd4
{[%clk 1:16:58]} 4... g6 {[%clk 1:14:49]} 5. c4 {[%clk 1:17:22]} 5... Nf6 {
[%clk 1:14:39]} 6. Nc3 {[%clk 1:17:48]} 6... Nxd4 {[%clk 1:14:46]} 7. Qxd4 {
[%clk 1:18:12]} 7... d6 {[%clk 1:15:04]} 8. Be2 {[%clk 1:18:24]} 8... Bg7 {
[%clk 1:14:48]} 9. Be3 {[%clk 1:18:40]} 9... O-O {[%clk 1:15:00]} 10. Qd2 {
[%clk 1:19:06]} 10... Be6 {[%clk 1:15:03]} 11. Rc1 {[%clk 1:19:21]} 11... a5 {
[%clk 1:13:08]} 12. O-O {[%clk 1:18:53]} 12... a4 {[%clk 1:10:34]} 13. f4 {
[%clk 1:18:14]} 13... Bg4 {[%clk 1:05:00]} 14. Bd3 {[%clk 1:16:16]} 14... Bd7 {
[%clk 1:03:06]} 15. Nd5 {[%clk 1:15:02]} 15... Nxd5 {[%clk 0:59:39]} 16. cxd5 {
[%clk 1:15:18]} 16... a3 {[%clk 0:58:01]} 17. b3 {[%clk 1:13:25]} 17... f5 {
[%clk 0:50:05]} 18. exf5 {[%clk 1:11:28]} 18... Bxf5 {[%clk 0:49:15]} 19. Bxf5
{[%clk 1:11:36]} 19... Rxf5 {[%clk 0:48:50]} 20. g4 {[%clk 1:09:33]} 20... Rf8
{[%clk 0:46:33]} 21. f5 {[%clk 1:05:12]} 21... Qd7 {[%clk 0:44:18]} 22. Bh6 {
[%clk 1:01:10]} 22... Bxh6 {[%clk 0:38:25]} 23. Qxh6 {[%clk 1:00:33]} 23...
gxf5 {[%clk 0:38:52]} 24. gxf5 {[%clk 0:52:37]} 24... Rf6 {[%clk 0:36:21]} 25.
Qe3 {[%clk 0:46:02]} 25... Raf8 {[%clk 0:32:03]} 26. Rf2 {[%clk 0:44:17]} 26...
Kh8 {[%clk 0:28:24]} 27. Rc4 {[%clk 0:40:46]} 27... Rxf5 {[%clk 0:27:29]} 28.
Qc3+ {[%clk 0:40:18]} 28... R8f6 {[%clk 0:18:15]} 29. Rc8+ {[%clk 0:29:10]}
29... Kg7 {[%clk 0:18:23]} 30. Rc7 {[%clk 0:28:25]} 30... Rg5+ {[%clk 0:18:46]}
31. Kh1 {[%clk 0:27:18]} 31... Qxc7 {[%clk 0:16:58]} 32. Qxc7 {[%clk 0:25:04]}
32... Rxf2 {[%clk 0:17:26]} 33. Qxe7+ {[%clk 0:25:12]} 33... Kg6 { [%clk
0:17:25]} 34. Qe8+ {[%clk 0:19:40]} 34... Kg7 {[%clk 0:15:10]} 35. Qe7+ { [%clk
0:18:21]} 35... Kg6 {[%clk 0:15:34]} 36. Qe8+ {[%clk 0:18:47]} 36... Kg7 {[%clk
0:14:37]} 1/2-1/2

[Event "DEM U12 2017"]
[Site "Willingen GER"]
[Date "2017.06.09"]
[Round "9"]
[White "Mainka, Alwin"]
[Black "Schubert, Nikita"]
[Result "1/2-1/2"]
[Termination "normal"]
[Board "13"]
[WhiteElo "1579"]
[BlackElo "1788"]
[PlyCount "97"]
[WhiteFideId "16241177"]
[BlackFideId "16212339"]
[EventCountry "GER"]
[EventRounds "11"]
[EventType "swiss"]
[EventDate "2017.06.03"]

1. e4 e5 2. Nf3 Nc6 3. Bb5 a6 4. Ba4 Nf6 5. O-O Bc5 6. c3 b5 7. Bc2 d6 8. h3
Bb6 9. d4 h6 10. Be3 Rb8 11. Re1 O-O 12. Nbd2 Re8 13. d5 Ne7 14. Nf1 Ng6 15.
Ng3 Bxe3 16. fxe3 Re7 17. Nf5 Rd7 18. a4 Bb7 19. axb5 axb5 20. Ra7 Qc8 21. Qd3
Rd8 22. h4 Qd7 23. Rd1 Ne7 24. Qe2 Nxf5 25. exf5 Nxd5 26. g4 Qc6 27. e4 Qb6+
28. Qf2 Qxf2+ 29. Kxf2 Nf4 30. g5 hxg5 31. hxg5 Rdc8 32. Ke3 g6 33. Nh4 Kg7 34.
Bb3 Rh8 35. f6+ Kf8 36. Nf3 Rh3 37. Bc2 Ne6 38. Rda1 Ke8 39. Ke2 Rg3 40. Kf2
Rh3 41. R1a5 c6 42. Ra1 Rh5 43. Rg1 Kd7 44. Bb3 Nd8 45. Rd1 Kc7 46. Rda1 Kb6
47. Ke3 Kc7 48. Kf2 Rh8 49. Kg3 1/2-1/2

[Event "DEM U12 2017"]
[Site "Willingen GER"]
[Date "2017.06.09"]
[Round "9"]
[White "Reindl, Jork"]
[Black "Joppich, Til"]
[Result "0-1"]
[Termination "normal"]
[Board "14"]
[WhiteElo "1461"]
[BlackElo "1661"]
[PlyCount "84"]
[WhiteFideId "16200152"]
[BlackFideId "16232917"]
[EventCountry "GER"]
[EventRounds "11"]
[EventType "swiss"]
[EventDate "2017.06.03"]

1. e4 c5 2. Nf3 Nc6 3. d4 cxd4 4. Nxd4 g6 5. Nxc6 bxc6 6. Qd4 Nf6 7. e5 Nd5 8.
e6 Nf6 9. exf7+ Kxf7 10. Nc3 Bg7 11. Qd1 d5 12. Bd3 e5 13. f3 Re8 14. O-O Kg8
15. Kh1 Be6 16. Bg5 Qd6 17. Qc1 Rab8 18. Rb1 Re7 19. Bh6 d4 20. Bxg7 Kxg7 21.
Ne4 Nxe4 22. fxe4 Bxa2 23. Ra1 Bf7 24. b3 c5 25. Rf3 h6 26. Qd2 Rb6 27. Raf1
Qc7 28. Qf2 Bg8 29. Qh4 Rf7 30. Rxf7+ Bxf7 31. Qg3 Qe7 32. Ra1 Rf6 33. Qe1 Be6
34. Qa5 Rf7 35. b4 cxb4 36. Qxe5+ Qf6 37. Qxf6+ Kxf6 38. Ra4 Rb7 39. Ba6 Bd7
40. Ra2 Rc7 41. Bd3 b3 42. cxb3 Rc1+ 0-1

[Event "DEM U12 2017"]
[Site "Willingen GER"]
[Date "2017.06.09"]
[Round "9"]
[White "Neuber, Pascal"]
[Black "Gallasch, Jonas"]
[Result "1-0"]
[Termination "normal"]
[Board "15"]
[WhiteElo "1632"]
[BlackElo "1813"]
[PlyCount "133"]
[WhiteFideId "16227611"]
[BlackFideId "16222474"]
[EventCountry "GER"]
[EventRounds "11"]
[EventType "swiss"]
[EventDate "2017.06.03"]

1. e4 c6 2. d4 d5 3. e5 c5 4. dxc5 Nc6 5. Bb5 Bf5 6. Nf3 Bg4 7. O-O e6 8. Be3
Nge7 9. Na3 Nf5 10. Qe2 Be7 11. Rad1 O-O 12. Bxc6 bxc6 13. Nc4 Qb8 14. Na5 Bxf3
15. Qxf3 Qxb2 16. Nxc6 Rac8 17. Nxa7 Rc7 18. Rb1 Qxa2 19. Nb5 Nxe3 20. Qxe3
Rxc5 21. c3 Qa5 22. Nd4 Qxc3 23. Qxc3 Rxc3 24. g3 Rfc8 25. Nb5 R3c5 26. Nd4 Rc4
27. Nb5 h6 28. f4 Bc5+ 29. Kg2 Rc2+ 30. Kf3 Be7 31. h4 R8c6 32. Kg4 g6 33. Nd4
h5+ 34. Kh3 R2c4 35. Nxc6 Rxc6 36. Rfc1 Rxc1 37. Rxc1 Ba3 38. Rc8+ Kg7 39. Kg2
Bb2 40. Kf3 Bd4 41. Rb8 Bc5 42. Ke2 Bd4 43. Kd2 Bc5 44. Rc8 Bd4 45. Kc2 Bf2 46.
Rc3 Bd4 47. Rb3 Ba7 48. Kb2 Bc5 49. Ka2 Kg8 50. Rb2 Kg7 51. Kb3 Bb6 52. Kb4 Bd8
53. Kb5 Be7 54. Kc6 Ba3 55. Rb3 Be7 56. Kd7 Bc5 57. Ke8 d4 58. Rb7 Kg8 59. Rxf7
Bb4 60. Rf6 d3 61. Rxg6+ Kh7 62. Kf7 d2 63. Rg7+ Kh6 64. Rg8 Kh7 65. Rd8 Ba5
66. Rd7 Kh6 67. Kxe6 1-0

[Event "DEM U12 2017"]
[Site "Willingen GER"]
[Date "2017.06.09"]
[Round "9"]
[White "Breß, Aaron"]
[Black "Haufe, Laurin"]
[Result "1-0"]
[Termination "normal"]
[Board "16"]
[WhiteElo "1745"]
[BlackElo "1665"]
[PlyCount "39"]
[WhiteFideId "12996432"]
[BlackFideId "12976504"]
[EventCountry "GER"]
[EventRounds "11"]
[EventType "swiss"]
[EventDate "2017.06.03"]

1. e4 c5 2. Nf3 d6 3. d4 cxd4 4. Nxd4 Nf6 5. Nc3 a6 6. Bg5 e6 7. f4 Be7 8. Qf3
Nbd7 9. O-O-O h6 10. Bh4 Qc7 11. Bxf6 Bxf6 12. g4 Rb8 13. h4 b5 14. Bg2 Qc4 15.
e5 dxe5 16. Nc6 Rb6 17. fxe5 Nxe5 18. Qxf6 Nd3+ 19. Rxd3 Qxd3 20. Qe7# 1-0

[Event "DEM U12 2017"]
[Site "Willingen GER"]
[Date "2017.06.09"]
[Round "9"]
[White "Milare, Tyron"]
[Black "von Krosigk, Florian"]
[Result "1/2-1/2"]
[Termination "normal"]
[Board "17"]
[WhiteElo "1780"]
[BlackElo "1627"]
[PlyCount "217"]
[WhiteFideId "12987018"]
[BlackFideId "16227808"]
[EventCountry "GER"]
[EventRounds "11"]
[EventType "swiss"]
[EventDate "2017.06.03"]

1. Nf3 Nf6 2. d4 e6 3. c4 b6 4. Nc3 Bb4 5. Bg5 c5 6. e3 d6 7. Bd3 Bb7 8. O-O
Bxc3 9. bxc3 Nbd7 10. Re1 Qc7 11. e4 e5 12. d5 h6 13. Be3 g5 14. h4 g4 15. Nh2
h5 16. Bg5 Nh7 17. Be3 Qd8 18. g3 Ndf6 19. a4 Bc8 20. Qc2 Bd7 21. Reb1 Ke7 22.
Rb2 Qc7 23. Rba2 a5 24. Rb2 Ra6 25. Rab1 Rb8 26. Qd1 Rg8 27. Bc2 Rg7 28. Qe2
Rg8 29. Kh1 Rg7 30. Rg1 Ne8 31. Rbb1 Ra8 32. Rbf1 f6 33. Rb1 Ra7 34. Bd2 Rb7
35. Nf1 Rb8 36. Ne3 Rg8 37. Nf5+ Bxf5 38. exf5 Kf7 39. Bh6 Ng7 40. Rb5 Ne8 41.
Rgb1 Qa7 42. Be4 Nc7 43. R5b2 Na8 44. Bd2 Qd7 45. Rb5 Qd8 46. Bc1 Qf8 47. Be3
Qe7 48. Bh6 Nf8 49. Rg1 Nd7 50. f3 Rh8 51. Bd2 Rbg8 52. Rbb1 Qf8 53. Rg2 Qg7
54. Rbg1 Qh7 55. f4 Re8 56. Qd3 Re7 57. Re2 Rhe8 58. Rge1 Qg7 59. Qb1 Rb8 60.
Bc2 Kg8 61. fxe5 Nxe5 62. Bf4 Rf7 63. Bxe5 fxe5 64. Be4 Qf6 65. Qc1 Rg7 66. Rb2
Kf8 67. Qd2 Kg8 68. Reb1 Kf8 69. Rb5 Kg8 70. Rxa5 Rgb7 71. Rab5 Nc7 72. R5b2
Kg7 73. a5 Na8 74. Rb5 Kf7 75. axb6 Rxb6 76. Qa2 Qe7 77. Rf1 Kf6 78. Qd2 Qg7
79. Rfb1 R8b7 80. Qa2 Ra7 81. Qe2 Ra3 82. Qd2 Rxb5 83. cxb5 Ra7 84. c4 Nb6 85.
Bd3 Ra4 86. Kg1 Ra7 87. Kf2 Ra8 88. Ke2 Ra7 89. Rb2 Ra8 90. Ra2 Rxa2 91. Qxa2
Qb7 92. Qa6 Qc7 93. Ke3 Qb8 94. Ke4 Qc7 95. Qa5 Qb7 96. Be2 Qb8 97. Qd2 Qh8 98.
Qg5+ Kf7 99. Qg6+ Ke7 100. Qe6+ Kd8 101. Qxd6+ Nd7 102. b6 Ke8 103. Qe6+ Kd8
104. Qd6 Ke8 105. Qc6 Ke7 106. d6+ Kf6 107. Qxd7 Qa8+ 108. b7 Qxb7+ 109. Qxb7
1/2-1/2

[Event "DEM U12 2017"]
[Site "Willingen GER"]
[Date "2017.06.09"]
[Round "9"]
[White "Marschall, Tillmann"]
[Black "Simukov, Erik"]
[Result "1-0"]
[Termination "normal"]
[Board "18"]
[WhiteElo "1613"]
[BlackElo "1719"]
[PlyCount "73"]
[WhiteFideId "12973220"]
[BlackFideId "12995380"]
[EventCountry "GER"]
[EventRounds "11"]
[EventType "swiss"]
[EventDate "2017.06.03"]

1. e4 e5 2. Nf3 Nc6 3. Bb5 a6 4. Ba4 Nf6 5. O-O Be7 6. Re1 b5 7. Bb3 d6 8. c3
O-O 9. h3 Na5 10. Bc2 c5 11. d4 Qc7 12. Nbd2 cxd4 13. cxd4 Nc6 14. Nb3 a5 15.
Be3 a4 16. Nbd2 Bd7 17. Rc1 Qb8 18. Qe2 Ne8 19. Nf1 g6 20. Bb1 Nd8 21. Red1 Bc6
22. dxe5 dxe5 23. Rxd8 Bxd8 24. Rxc6 Ng7 25. Rc5 f6 26. Rxb5 Qc8 27. Bd3 Kh8
28. Rc5 Qb7 29. Qc2 Ne6 30. Rc6 Nf4 31. Bxf4 exf4 32. Nd4 Bb6 33. Nb5 f3 34. g4
Rad8 35. Re6 Rd7 36. Qc3 Bd8 37. g5 1-0

[Event "DEM U12 2017"]
[Site "Willingen GER"]
[Date "2017.06.09"]
[Round "9"]
[White "Röhr, Oliver"]
[Black "Sinnhöfer, Joshua"]
[Result "1-0"]
[Termination "normal"]
[Board "19"]
[WhiteElo "1706"]
[BlackElo "1540"]
[PlyCount "144"]
[WhiteFideId "12987697"]
[BlackFideId "16201361"]
[EventCountry "GER"]
[EventRounds "11"]
[EventType "swiss"]
[EventDate "2017.06.03"]

1. e4 e5 2. Nf3 Nc6 3. d4 exd4 4. Nxd4 Bc5 5. Nxc6 bxc6 6. Bd3 Ne7 7. O-O O-O
8. Nc3 f5 9. Bg5 h6 10. Bxe7 Qxe7 11. exf5 d5 12. Qf3 Bd6 13. Nxd5 Qe5 14. g3
cxd5 15. Rfe1 Qd4 16. Rad1 Bb7 17. Ba6 Qb6 18. Bxb7 Qxb7 19. c4 Qxb2 20. c5
Qxa2 21. cxd6 cxd6 22. Qxd5+ Qxd5 23. Rxd5 a5 24. g4 Rfd8 25. Ra1 a4 26. Rd4 a3
27. Rd3 Ra4 28. h3 a2 29. Rd2 Rda8 30. Kg2 R8a6 31. Kg3 Kf7 32. Kg2 Ke7 33. f3
Kd7 34. Rc2 d5 35. h4 h5 36. Kg3 hxg4 37. fxg4 d4 38. Rd2 Kd6 39. h5 Kd5 40. g5
Ke4 41. Rf2 R4a5 42. Kg4 d3 43. g6 Ke3 44. Rff1 Ra4+ 45. Kg5 Rd4 46. h6 gxh6+
47. Kxh6 Rf4 48. Rfe1+ Kd4 49. Kg5 Rf2 50. Rg1 Ra5 51. g7 Rfxf5+ 52. Kg6 Rfb5
53. g8=Q Rb6+ 54. Kh7 Rb7+ 55. Rg7 Rbb5 56. Rg4+ Ke3 57. Rg3+ Kd4 58. Qd8+ Rd5
59. Qh4+ Kc3 60. Qf6+ Kc2 61. Rxa2+ Rxa2 62. Qc6+ Kd1 63. Rg1+ Ke2 64. Qxd5
Ra7+ 65. Kg6 Ra6+ 66. Kh5 Ra3 67. Qe4+ Kd2 68. Qb4+ Ke2 69. Qxa3 d2 70. Rg2+
Kd1 71. Qa2 Kc1 72. Qxd2+ Kb1 1-0

[Event "DEM U12 2017"]
[Site "Willingen GER"]
[Date "2017.06.09"]
[Round "9"]
[White "Mailitis, Ricardo"]
[Black "Lauterbach, Kolja"]
[Result "1-0"]
[Termination "normal"]
[Board "20"]
[WhiteElo "1633"]
[BlackElo "1358"]
[PlyCount "95"]
[WhiteFideId "12977535"]
[BlackFideId "16235916"]
[EventCountry "GER"]
[EventRounds "11"]
[EventType "swiss"]
[EventDate "2017.06.03"]

1. e4 e5 2. Nf3 Nc6 3. Bc4 Nf6 4. d3 Bc5 5. c3 O-O 6. Bb3 d5 7. Qe2 Bg4 8. h3
Bh5 9. Nbd2 d4 10. Nf1 Qd7 11. g4 Bg6 12. Ng3 Rad8 13. Bc2 h6 14. Nh4 Bh7 15.
Qf3 Qe6 16. Nhf5 Ne7 17. Bb3 Qd7 18. Nxh6+ gxh6 19. Qxf6 Qd6 20. Qxh6 dxc3 21.
Nh5 Qxh6 22. Bxh6 Rxd3 23. Nf6+ Kh8 24. Bxf8 cxb2 25. Rb1 Rc3 26. Rxb2 Rc1+ 27.
Bd1 Bd6 28. Nxh7 Kxh7 29. Bxe7 Bxe7 30. O-O Rc3 31. Kg2 b6 32. Rc2 Ra3 33. Rxc7
Bg5 34. Bb3 Kg6 35. Rxf7 Rxb3 36. axb3 Kxf7 37. Rh1 a5 38. h4 Bf4 39. g5 b5 40.
Ra1 Bd2 41. Kf3 Kg6 42. Kg4 Bc3 43. Rc1 Bd4 44. h5+ Kg7 45. Rc7+ Kg8 46. Kf5 a4
47. Kg6 Kf8 48. h6 1-0

[Event "DEM U12 2017"]
[Site "Willingen GER"]
[Date "2017.06.09"]
[Round "9"]
[White "Großmann, Piet"]
[Black "Chassard, Cedric"]
[Result "1-0"]
[Termination "normal"]
[Board "21"]
[WhiteElo "1608"]
[BlackElo "1290"]
[PlyCount "37"]
[WhiteFideId "16234359"]
[BlackFideId "16243536"]
[EventCountry "GER"]
[EventRounds "11"]
[EventType "swiss"]
[EventDate "2017.06.03"]

1. e4 e5 2. Nf3 Nc6 3. d4 exd4 4. Bc4 Bc5 5. c3 Nf6 6. e5 Qe7 7. O-O Nxe5 8.
Nxe5 Qxe5 9. Re1 Ne4 10. Qf3 d5 11. Bf4 Qe7 12. Bxd5 f5 13. Nd2 Kd8 14. Nxe4
fxe4 15. Rxe4 Qf6 16. Qg3 Bb6 17. Bg5 Qxg5 18. Qxg5+ Kd7 19. Qe7# 1-0

[Event "DEM U12 2017"]
[Site "Willingen GER"]
[Date "2017.06.09"]
[Round "9"]
[White "Zeuner, Ole"]
[Black "Stillbauer, Jan"]
[Result "1/2-1/2"]
[Termination "normal"]
[Board "22"]
[WhiteElo "1764"]
[BlackElo "1658"]
[PlyCount "112"]
[WhiteFideId "12943576"]
[BlackFideId "16239393"]
[EventCountry "GER"]
[EventRounds "11"]
[EventType "swiss"]
[EventDate "2017.06.03"]

1. e4 e5 2. Nf3 Nc6 3. d4 exd4 4. Nxd4 Bc5 5. Nb3 Bb6 6. Nc3 Nf6 7. Bg5 d6 8.
Qe2 h6 9. Bh4 g5 10. Bg3 Be6 11. O-O-O Qe7 12. f3 O-O-O 13. Bf2 Bxf2 14. Qxf2
Rhe8 15. Bb5 Kb8 16. Bxc6 bxc6 17. Rhe1 Qf8 18. Qd4 Bxb3 19. axb3 Nd7 20. Qa4
Kb7 21. b4 Nb6 22. Qb3 a6 23. Ne2 Re5 24. Nd4 c5 25. bxc5 Rxc5 26. g3 Re8 27.
f4 gxf4 28. gxf4 Qg7 29. Qf3 Kc8 30. Qh3+ Kb7 31. Nf5 Qg6 32. Qf3 d5 33. Ng3
Ka7 34. c3 dxe4 35. Nxe4 Qc6 36. Kc2 Rc4 37. Nd2 Qxf3 38. Nxf3 Rxe1 39. Rxe1
Rxf4 40. Nd2 Rf2 41. Re7 Kb7 42. Kd3 Rxh2 43. Rxf7 Na4 44. b4 Nb2+ 45. Ke3 Rh3+
46. Nf3 Nc4+ 47. Kd4 Nd6 48. Rf8 Rh1 49. Ne5 Nb5+ 50. Kd3 h5 51. c4 Nd6 52. c5
Nb5 53. c6+ Kb6 54. Rb8+ Ka7 55. Rb7+ Ka8 56. Nd7 h4 1/2-1/2

[Event "DEM U12 2017"]
[Site "Willingen GER"]
[Date "2017.06.09"]
[Round "9"]
[White "Rashba, David"]
[Black "Stepanov, Maximilian"]
[Result "1/2-1/2"]
[Termination "normal"]
[Board "23"]
[WhiteElo "1508"]
[BlackElo "1609"]
[PlyCount "64"]
[WhiteFideId "16205499"]
[BlackFideId "16244680"]
[EventCountry "GER"]
[EventRounds "11"]
[EventType "swiss"]
[EventDate "2017.06.03"]

1. d4 d5 2. Bf4 Bf5 3. e3 Nf6 4. Nf3 e6 5. Bd3 Bxd3 6. Qxd3 c6 7. O-O Bd6 8.
Bxd6 Qxd6 9. c4 O-O 10. Nc3 Nbd7 11. a3 dxc4 12. Qxc4 Nb6 13. Qe2 Nbd5 14. Nxd5
cxd5 15. Rac1 Rac8 16. Rc2 Rc7 17. Rfc1 Rfc8 18. Ne5 Nd7 19. Nxd7 Qxd7 20. h3
g6 21. Qd3 Rxc2 22. Rxc2 Rc6 23. Qd2 Qc7 24. Rxc6 Qxc6 25. Kf1 Qc7 26. Kg1 h5
27. h4 a6 28. g3 b5 29. Qb4 Kg7 30. Qc5 Qa5 31. Kg2 Qa4 32. Qb6 a5 1/2-1/2

[Event "DEM U12 2017"]
[Site "Willingen GER"]
[Date "2017.06.09"]
[Round "9"]
[White "Pixa, Karl"]
[Black "Gluma, Christian"]
[Result "1/2-1/2"]
[Termination "normal"]
[Board "24"]
[WhiteElo "1496"]
[BlackElo "1691"]
[PlyCount "53"]
[WhiteFideId "16240480"]
[BlackFideId "16223209"]
[EventCountry "GER"]
[EventRounds "11"]
[EventType "swiss"]
[EventDate "2017.06.03"]

1. d4 d5 2. c4 e6 3. Nc3 Nf6 4. Bg5 Be7 5. e3 O-O 6. Nf3 h6 7. Bh4 c6 8. cxd5
exd5 9. Bd3 Re8 10. O-O Bg4 11. h3 Bh5 12. Rc1 Nbd7 13. Re1 Ne4 14. Bxe7 Qxe7
15. Be2 Rad8 16. Nd2 Bg6 17. Ndxe4 Bxe4 18. Nxe4 Qxe4 19. Qd3 Qe7 20. Qb3 Nf6
21. Bd3 Qd7 22. Qa3 a6 23. Rc3 Ne4 24. Bxe4 Rxe4 25. Rb3 Qc7 26. Qb4 Rd7 27.
Qb6 1/2-1/2